[Event "CHN-ch Blitz (Women)"]
[Site "Hohhot"]
[Date "2024.11.13"]
[Round "4"]
[White "Wang, Qinxuanyi"]
[Black "Hong, Xing"]
[Result "1/2-1/2"]
[WhiteElo "2156"]
[BlackElo "2104"]
[PlyCount "150"]
[EventDate "2024.11.13"]
[EventType "swiss (blitz)"]
[EventRounds "9"]
[EventCountry "CHN"]
[SourceTitle "CB49_2024"]
[SourceDate "2024.12.04"]
[SourceVersion "1"]
[SourceVersionDate "2024.12.04"]
[SourceQuality "1"]

1. d4 Nf6 2. Nf3 g6 3. c4 Bg7 4. Nc3 0-0 5. e4 d6 6. Be2 e5 7. 0-0 Nc6 8. d5 Ne7 9. b4 a5 10. Ba3 axb4 11. Bxb4 Nd7 12. a4 f5 13. Ng5 Nf6 14. c5 fxe4 15. Ngxe4 Nf5 16. cxd6 cxd6 17. Nxf6+ Rxf6 18. Ne4 Rf7 19. Qd3 Bf8 20. Bg4 Nd4 21. Bxc8 Rxc8 22. Rac1 Rxc1 23. Rxc1 Qb6 24. Bd2 Qb3 25. Qc4 Kg7 26. Be3 Qb2 27. Rf1 Ne2+ 28. Kh1 Nf4 29. Ng5 Re7 30. Bxf4 exf4 31. Ne6+ Kg8 32. Qxf4 Rf7 33. Qe3 Be7 34. f3 Qa2 35. Qe4 Qd2 36. h4 Rf5 37. Nd4 Re5 38. Qg4 Rh5 39. g3 Bf6 40. Ne6 Rxd5 41. Nf4 Re5 42. Qc8+ Kg7 43. Qxb7+ Re7 44. Qd5 Qb4 45. a5 Be5 46. Nd3 Qd2 47. f4 Qe2 48. Qf3 Qxf3+ 49. Rxf3 Bc3 50. Kg2 Bxa5 51. Kh3 Bb6 52. Nb2 Re2 53. Nc4 Bc5 54. Rd3 Re6 55. g4 h5 56. gxh5 gxh5 57. Kg3 Kf6 58. Rd5 Re4 59. Nxd6 Rd4 60. Rxd4 Bxd4 61. Ne4+ Kf5 62. Nd6+ Ke6 63. Ne4 Kf5 64. Nd6+ Ke6 65. Nb5 Bc5 66. Nc3 Bb4 67. Ne2 Be1+ 68. Kh3 Kf5 69. Ng3+ Bxg3 70. Kxg3 Ke4 71. f5 Kxf5 72. Kf3 Ke5 73. Ke3 Kf5 74. Kf3 Ke5 75. Ke3 Kf5 1/2-1/2

[Event "CHN-ch Rapid (Women)"]
[Site "Hohhot"]
[Date "2024.11.13"]
[Round "8"]
[White "Wang, Qinxuanyi"]
[Black "Ni, Shiqun"]
[Result "1-0"]
[WhiteElo "2156"]
[BlackElo "2343"]
[PlyCount "116"]
[EventDate "2024.11.12"]
[EventType "swiss (rapid)"]
[EventRounds "9"]
[EventCountry "CHN"]
[SourceTitle "CB49_2024"]
[SourceDate "2024.12.04"]
[SourceVersion "1"]
[SourceVersionDate "2024.12.04"]
[SourceQuality "1"]

1. d4 d5 2. c4 dxc4 3. e4 e5 4. Nf3 Bb4+ 5. Nc3 exd4 6. Nxd4 Nd7 7. a3 Bxc3+ 8. bxc3 Ngf6 9. f3 0-0 10. Bxc4 Ne5 11. Be2 c5 12. Nb5 Qxd1+ 13. Kxd1 a6 14. Nc7 Ra7 15. Bf4 Ng6 16. Bg3 b5 17. c4 Nh5 18. Nd5 Nxg3 19. hxg3 bxc4 20. Bxc4 Ne5 21. Rc1 Be6 22. Ke2 Rb8 23. Rhd1 a5 24. Rd2 Rab7 25. a4 Nc6 26. Kf2 Nd4 27. Ne3 Rb4 28. Bxe6 fxe6 29. Rc4 Rb2 30. Rxb2 Rxb2+ 31. Kf1 Nb3 32. Rc3 Kf7 33. Nc4 Rb1+ 34. Kf2 Ke7 35. f4 Kd7 36. g4 h6 37. f5 Ke7 38. g3 Kf7 39. e5 Ke7 40. Ke3 Nd4 41. Nxa5 exf5 42. Rxc5 Ne6 43. Rb5 Rxb5 44. axb5 fxg4 45. Nc6+ Kd7 46. Nd4 Nc5 47. Kf4 h5 48. Kf5 Ke7 49. e6 Kd6 50. Kg5 Nxe6+ 51. Nxe6 Kxe6 52. Kxh5 Kd5 53. Kxg4 Kc5 54. Kg5 Kxb5 55. Kg6 Kc5 56. Kxg7 Kd5 57. g4 Ke5 58. g5 Kd5 1-0

[Event "CHN-ch Rapid (Women)"]
[Site "Hohhot"]
[Date "2024.11.12"]
[Round "1"]
[White "Wang, Qinxuanyi"]
[Black "Gao, Muziyan"]
[Result "1-0"]
[WhiteElo "2156"]
[BlackElo "1870"]
[PlyCount "169"]
[EventDate "2024.11.12"]
[EventType "swiss (rapid)"]
[EventRounds "9"]
[EventCountry "CHN"]
[SourceTitle "CB49_2024"]
[SourceDate "2024.12.04"]
[SourceVersion "1"]
[SourceVersionDate "2024.12.04"]
[SourceQuality "1"]

1. d4 Nf6 2. c4 e6 3. Nf3 Bb4+ 4. Nbd2 b6 5. a3 Bxd2+ 6. Qxd2 0-0 7. e3 d5 8. Bd3 Ba6 9. b3 c5 10. 0-0 cxd4 11. exd4 dxc4 12. bxc4 Nc6 13. Bb2 Na5 14. Qe2 Rc8 15. Rac1 Bb7 16. Ne5 Qe7 17. Ng4 Nxg4 18. Qxg4 Rcd8 19. Rfe1 f5 20. Qf4 Qd6 21. Qe3 Rfe8 22. d5 exd5 23. Qg5 Qg6 24. Qxg6 hxg6 25. Rxe8+ Rxe8 26. cxd5 Bxd5 27. f3 Re7 28. h4 Nb3 29. Rc8+ Kf7 30. Kf2 Nc5 31. Bb1 Bb7 32. Ba2+ Ne6 33. Rd8 Rc7 34. Rd2 Re7 35. g4 fxg4 36. fxg4 Ke8 37. Re2 Bc8 38. Kg3 Nc5 39. Rxe7+ Kxe7 40. Bxg7 Ne4+ 41. Kf4 Nf2 42. h5 gxh5 43. gxh5 Be6 44. h6 Nh3+ 45. Ke5 Ng5 46. Bf6+ Kf7 47. Bxe6+ Nxe6 48. h7 Nf8 49. h8N+ Ke8 50. Kd6 a5 51. Kc6 Nd7 52. Bd4 Kd8 53. Nf7+ Ke7 54. Ng5 a4 55. Bxb6 Ne5+ 56. Kb5 Kd7 57. Ne4 Nd3 58. Kxa4 Kc6 59. Bd4 Kd5 60. Kb5 Kxd4 61. a4 Kxe4 62. a5 Nf4 63. a6 Nd5 64. a7 Ke5 65. Kc6 Nb4+ 66. Kb7 Nd3 67. a8Q Nc5+ 68. Kc6 Ne4 69. Qe8+ Kf4 70. Qf7+ Ke5 71. Qg7+ Kf5 72. Kd5 Nf6+ 73. Kd4 Ng4 74. Qf7+ Kg5 75. Ke4 Nf6+ 76. Ke5 Ng4+ 77. Ke6 Kh4 78. Qg6 Kh3 79. Kf5 Ne3+ 80. Ke4 Ng2 81. Qg7 Nh4 82. Kf4 Ng2+ 83. Kf3 Nh4+ 84. Kf2 Nf5 85. Qg5 1-0

[Event "Belt and Road op-A"]
[Site "Aksu"]
[Date "2024.10.22"]
[Round "9"]
[White "Wang, Qinxuanyi"]
[Black "Abdilkhair, Abilmansur"]
[Result "0-1"]
[WhiteElo "2154"]
[BlackElo "2358"]
[PlyCount "82"]
[EventDate "2024.10.16"]
[EventType "swiss"]
[EventRounds "9"]
[EventCountry "CHN"]
[SourceTitle "CB43_2024"]
[Source "Chessbase"]
[SourceDate "2024.10.23"]
[SourceVersion "1"]
[SourceVersionDate "2024.10.23"]
[SourceQuality "1"]

1. d4 Nf6 2. c4 g6 3. Nc3 d5 4. cxd5 Nxd5 5. e4 Nxc3 6. bxc3 Bg7 7. Be3 c5 8. Nf3 0-0 9. Be2 b6 10. Rc1 cxd4 11. cxd4 e6 12. 0-0 Bb7 13. Qd3 Nc6 14. Rfd1 Qd7 15. a3 Rac8 16. h4 Ne7 17. h5 f5 18. e5 Rxc1 19. Bxc1 Be4 20. Qe3 Nd5 21. Qd2 Rc8 22. Re1 Rc2 23. Qg5 h6 24. Qg3 g5 25. Nxg5 hxg5 26. Bxg5 Qf7 27. h6 f4 28. Qh4 Bf8 29. Kh2 Kh7 30. Bh5 Bg6 31. Bf3 Ne7 32. d5 Nf5 33. Qxf4 Bc5 34. dxe6 Qxe6 35. Qa4 Rxf2 36. Rd1 Qxe5+ 37. Bf4 Qf6 38. Rd7+ Ne7 39. Kg3 Rf1 40. Bc7 Bf5 41. Rd1 Bf2+ 0-1

[Event "Belt and Road op-A"]
[Site "Aksu"]
[Date "2024.10.21"]
[Round "7"]
[White "Wang, Qinxuanyi"]
[Black "Chen, Zhi"]
[Result "1-0"]
[WhiteElo "2154"]
[BlackElo "2209"]
[PlyCount "71"]
[EventDate "2024.10.16"]
[EventType "swiss"]
[EventRounds "9"]
[EventCountry "CHN"]
[SourceTitle "CB43_2024"]
[Source "Chessbase"]
[SourceDate "2024.10.23"]
[SourceVersion "1"]
[SourceVersionDate "2024.10.23"]
[SourceQuality "1"]

1. d4 Nf6 2. c4 e6 3. Nf3 d5 4. Nc3 Bb4 5. Bg5 h6 6. Bxf6 Qxf6 7. Qa4+ Nc6 8. e3 Bd7 9. Qb3 dxc4 10. Bxc4 Qe7 11. Bd3 0-0 12. 0-0 Bd6 13. Ne4 e5 14. d5 Nb4 15. Nxd6 Nxd3 16. Ne4 f5 17. Qxd3 fxe4 18. Qxe4 Rae8 19. Rac1 c5 20. Rfd1 Qd6 21. Nd2 b5 22. Qh4 g5 23. Qg3 c4 24. h4 g4 25. b3 cxb3 26. axb3 a5 27. Ne4 Qg6 28. Nc5 Bf5 29. e4 Bxe4 30. h5 Qf5 31. f3 Bxf3 32. gxf3 Kh8 33. fxg4 Qg5 34. Ne6 Rxe6 35. dxe6 Rf4 36. Rd7 1-0

[Event "Belt and Road op-A"]
[Site "Aksu"]
[Date "2024.10.19"]
[Round "6"]
[White "Abudureheman, Namaiti"]
[Black "Wang, Qinxuanyi"]
[Result "0-1"]
[WhiteElo "2169"]
[BlackElo "2154"]
[PlyCount "76"]
[EventDate "2024.10.16"]
[EventType "swiss"]
[EventRounds "9"]
[EventCountry "CHN"]
[SourceTitle "CB43_2024"]
[Source "Chessbase"]
[SourceDate "2024.10.23"]
[SourceVersion "1"]
[SourceVersionDate "2024.10.23"]
[SourceQuality "1"]

1. e4 e6 2. d4 d5 3. e5 c5 4. c3 Nc6 5. Nf3 Qb6 6. a3 Nh6 7. b4 cxd4 8. cxd4 Nf5 9. Be3 Nxe3 10. fxe3 Be7 11. Bd3 Bd7 12. 0-0 0-0 13. Nc3 f5 14. Na4 Qd8 15. Nc5 Bxc5 16. bxc5 b6 17. Rc1 Rb8 18. Qe2 Na5 19. cxb6 Qxb6 20. Rb1 Qc6 21. Rbc1 Qb6 22. Rc5 Nb3 23. Rb1 Qd8 24. Rc3 Na5 25. Rb4 Nc6 26. Rb5 Rxb5 27. Bxb5 Qb6 28. Bxc6 Bxc6 29. Qc2 Bb5 30. Rc8 Bc4 31. Rxf8+ Kxf8 32. Qc3 h6 33. Qb4+ Qxb4 34. axb4 g5 35. h4 Be2 36. hxg5 Bxf3 37. gxf3 hxg5 38. Kf2 Ke7 0-1